Industrial Relations in India (Record no. 3079)

MARC details
000 -LEADER
fixed length control field 00334nam a2200145Ia 4500
008 - FIXED-LENGTH DATA ELEMENTS--GENERAL INFORMATION
fixed length control field 191201s2007 xx 000 0 und d
082 ## - DEWEY DECIMAL CLASSIFICATION NUMBER
Classification number 331.0954
Item number SEI
100 ## - MAIN ENTRY--PERSONAL NAME
Personal name SEN, Ratna
245 #0 - TITLE STATEMENT
Title Industrial Relations in India
250 ## - EDITION STATEMENT
Edition statement 1st
260 ## - PUBLICATION, DISTRIBUTION, ETC. (IMPRINT)
Place of publication, distribution, etc N.Delhi
Name of publisher, distributor, etc Macmillan
Date of publication, distribution, etc 2007
300 ## - PHYSICAL DESCRIPTION
Extent 507
650 ## - SUBJECT ADDED ENTRY--TOPICAL TERM
Topical term or geographic name as entry element MBA
942 ## - ADDED ENTRY ELEMENTS (KOHA)
Source of classification or shelving scheme Dewey Decimal Classification
Koha item type Text Books
Holdings
Withdrawn status Lost status Source of classification or shelving scheme Damaged status Not for loan Collection code Home library Current library Date acquired Source of acquisition Cost, normal purchase price Bill Number Total Checkouts Full call number Acc. no. / Barcode Date last seen Bill Date Koha item type
    Dewey Decimal Classification     MBA PIET C-LIBRARY PIET C-LIBRARY 22/08/2007 J B C, New Delhi 230.00 720   331.01 SEI 7286 04/12/2019 30/07/2007 Text Books
    Dewey Decimal Classification     MBA PIET C-LIBRARY PIET C-LIBRARY 22/08/2007 J B C, New Delhi 230.00 720   331.01 SEI 7287 04/12/2019 30/07/2007 Text Books
    Dewey Decimal Classification     MBA PIET C-LIBRARY PIET C-LIBRARY 22/08/2007 J B C, New Delhi 230.00 720   331.01 SEI 7288 04/12/2019 30/07/2007 Text Books
    Dewey Decimal Classification     MBA PIET C-LIBRARY PIET C-LIBRARY 22/08/2007 J B C, New Delhi 230.00 720   331.01 SEI 7289 04/12/2019 30/07/2007 Text Books
    Dewey Decimal Classification     MBA PIET C-LIBRARY PIET C-LIBRARY 22/08/2007 J B C, New Delhi 230.00 720   331.01 SEI 7290 04/12/2019 30/07/2007 Text Books
    Dewey Decimal Classification     MBA PIET C-LIBRARY PIET C-LIBRARY 22/08/2007 J B C, New Delhi 230.00 720   331.01 SEI 7291 04/12/2019 30/07/2007 Text Books

Design & Developed by: PIET Central Library
R70 Miles Stone Pattikalyana Samalkha Panipat 132102
mail ID :- [email protected], Phone No:- 0180-2569700 Ex.216